| 000 | 02267cam a22004214i 4500 | ||
|---|---|---|---|
| 003 | PE-LiUPU | ||
| 005 | 20250731183409.0 | ||
| 008 | 150706s2010 sp a r0 000 0 spa d | ||
| 020 | _a9788415492702 | ||
| 035 | _a(Sirsi) a240250 | ||
| 040 |
_aPE-LiUPU _bspa _cPE-LiUPU _erda |
||
| 049 | _aPRUA | ||
| 082 | 0 | 4 |
_a725.91 _bB84 _221 |
| 100 | 1 |
_aBroto, Carles, _eautor. |
|
| 245 | 0 | 1 |
_aNuevo diseño de exposiciones / _cCarles Broto. |
| 264 | 1 |
_aBarcelona : _bLinks, _c2010. |
|
| 300 |
_a299 páginas : _bilustraciones ; _c29 centímetros |
||
| 336 |
_atext _2rdacont |
||
| 337 |
_aunmediated _2rdamedia |
||
| 338 |
_avolume _2rdacarrier |
||
| 505 | 0 | _aVosotros y nosotros -- Trienal de arquitectura de lisboa 2010 - museo de la electricidad -- Drawing fashion en el museo de diseño de Londres -- Ecologías creativas -- Diseccionando al dandi -- Hidden heroes. The genius of everyday thing -- La nova cancó.La veu d´un poble -- A la mesa -- Universo de partículas -- Exposición Susana Solano en la fundación ICO -- Tira de estadísticas -- Exposición permanente en el museo chopin -- Focusterra -- la revolución del agua en Barcelona agua corriente y ciudad moderna -- Mind your behavior -- Kampf um die stadt - política, arte y vida urbana -- Cold war modern -- Atmósfera: explorando la ciencia climatológica -- Exposición permanente en el zeche zollverein -- Retrospectiva de souto de moura -- Exposición weltliteratur -- Planet rail -- Talent latent -- Moebius - transe - forme -- Viva la diferencia -- Arqueología de Holanda -- Gran teatre del liceu. | |
| 526 | _aP158 | ||
| 526 | _aP146 | ||
| 526 | _aP17 | ||
| 526 | _aP12 | ||
| 526 | _aP06 | ||
| 526 | 8 |
_iPrograma académico : _5PE-LiUPU |
|
| 541 | _g003-1757; | ||
| 650 | 0 | 4 | _aExposiciones de arte. |
| 650 | 0 | 4 | _aOrganización. |
| 650 | 0 | 4 | _aArt exhibitions. |
| 650 | 0 | 4 | _aOrganization. |
| 910 |
_adbm _bksl _cksl _d20171201 |
||
| 942 |
_2ddc _cBOOK |
||
| 994 |
_aC0 _bPEPRU |
||
| 596 | _a1 | ||
| 999 |
_a725.91 B84 _wLC _c25915 _i77104 _d25915 _f2021-11-10 _g4 _lCCODEBUL1 _mBUL _p64.95 _q2 _r0 _sY _tBOOK _u2017-12-1 _xINGENIERIA _PP06 _0COMPRA _o.STAFF. Colección Ingeniería y Arquitectura |
||
| 980 |
_81 _gALBERTO SANCHEZ Responsable de Automatización |
||